000 01643nam a2200433 i 4500
001 19590
003 KOSZ 005
005 20220608104226.0
008 121120s1979 pl a f 100 0 pol d
040 _cKOSZ 005
_aKOSZ 005
_dKOSZ 005/HR
041 0 _apol
_beng
_brus
046 _k1979
080 _a624.04
080 _a534
080 _a699.841
080 _a(06)
245 0 0 _aWpływy sejsmiczne na budowle :
_bmateriały z sympozjum Sekcji Mechaniki Konstrukcji Komitetu Inżynierii Lądowej i Wodnej PAN i Instytutu Mechaniki Budowli Politechniki Krakowskiej, Kraków 1978 /
_c[red. nauk. monografii Roman Ciesielski, Janusz Kawecki, Krzysztof Stypuła].
260 _aKraków :
_bPolitechnika Krakowska,
_c1979.
300 _a368 s. :
_bil. ;
_c24 cm.
380 _aKsiążki
388 _a1901-2000
388 _a1945-1989
504 _aBibliogr. przy ref.
546 _aStreszczenia w języku ang. i ros.
650 4 _aBudownictwo
650 4 _aBezpieczeństwo
650 4 _aSejsmologia
650 4 _aDrgania
650 4 _aMechanika budowli
655 4 _aMateriały konferencyjne
658 _aArchitektura i budownictwo
658 _aInżynieria i technika
700 1 _aKawecki, Janusz
_d(1943- )
_eRedakcja
700 1 _aCiesielski, Roman
_d(1924-2004)
_eRedakcja
710 2 _aWydawnictwo Politechniki Krakowskiej
_4pbl.
700 1 _aStypuła, Krzysztof
_d(1948-2020)
_eRedakcja
_c(budownictwo)
856 _uhttp://koha.tu.koszalin.pl/cgi-bin/koha/opac-detail.pl?biblionumber=19590
_yKatalog online BPK
942 _cKS
_2UKD
999 _c19590
_d19590